| 000 | 00366cam a2200145ua 4500 | ||
|---|---|---|---|
| 041 |
_ahin _h |
||
| 082 |
_a891.43 _bMAL/MA |
||
| 100 | _aMalviya, Patrikanth P . | ||
| 245 |
_aMalviyathi ka lok / _cP Patrikanth Malviya. _hTextual Documents |
||
| 260 |
_a : _bNaranan Pallikke Ifas , _c1962. |
||
| 300 | _a262 ; . | ||
| 504 | _a | ||
| 942 | _cBK | ||
| 999 |
_c2579 _d2579 |
||